Sir Syed Ahmad Khan : (Record no. 144398)
[ view plain ]
| 000 -LEADER | |
|---|---|
| fixed length control field | 00781nam a22002177a 4500 |
| 005 - DATE AND TIME OF LATEST TRANSACTION | |
| control field | 20190503144025.0 |
| 010 ## - LCCN (DPL NO) | |
| LC control number | ENG-124974 |
| 020 ## - INTERNATIONAL STANDARD BOOK NUMBER | |
| International Standard Book Number | 9789386385444 |
| Terms of availability | 2895.00 |
| 035 ## - SYSTEM CONTROL NUMBER | |
| System control number | B-684438-444 |
| 035 ## - SYSTEM CONTROL NUMBER | |
| System control number | EN-108506 |
| 037 ## - SOURCE OF ACQUISITION | |
| Source of stock number/acquisition | Viva |
| Stock number | dpl |
| 037 ## - SOURCE OF ACQUISITION | |
| Source of stock number/acquisition | DBAD/PUB |
| 082 ## - DEWEY DECIMAL CLASSIFICATION NUMBER | |
| Classification number | 954.035 |
| 245 ## - TITLE STATEMENT | |
| Title | Sir Syed Ahmad Khan : |
| Statement of responsibility, etc | edited by Shan Muhammad |
| Remainder of title | memorial lectures / |
| 260 ## - PUBLICATION, DISTRIBUTION, ETC. (IMPRINT) | |
| Date of publication, distribution, etc | 2017 |
| Place of publication, distribution, etc | New Delhi |
| Name of publisher, distributor, etc | Viva Books |
| 270 ## - ADDRESS | |
| Address | 4737/23, Ansari Road, Darya Ganj, |
| City | New Delhi |
| Postal code | 110002 |
| 300 ## - PHYSICAL DESCRIPTION | |
| Dimensions | 25cm(Hb) |
| Extent | xviii,707p. |
| 700 ## - ADDED ENTRY--PERSONAL NAME | |
| Personal name | Muhammad, Shan |
| 942 ## - ADDED ENTRY ELEMENTS (KOHA) | |
| Item type | English Books |
| Source of classification or shelving scheme | Dewey Decimal Classification |
| Call number suffix | SIR |
| Classification part | 954.035 |
| Withdrawn status | Lost status | Not for loan | Collection code | Home library | Current library | Date acquired | Source of acquisition | Cost, normal purchase price | Full call number | Barcode | Copy number | Cost, replacement price | Koha item type |
|---|---|---|---|---|---|---|---|---|---|---|---|---|---|
| Non-fiction | Bawana | Bawana | 03/05/2018 | SIVB-30-17-06929/5.12.2017/694/20.11.2017/14.12.2017 | 2895.00 | 954.035 SIR | B-684444 | 1 | 2895.00 | English Books | |||
| Non-fiction | Central Library | Central Library | 03/05/2018 | SIVB-30-17-06929/5.12.2017/694/20.11.2017/14.12.2017 | 2895.00 | 954.035 SIR | B-684438 | 1 | 2895.00 | English Books | |||
| Non-fiction | Janak Puri | Janak Puri | 03/05/2018 | SIVB-30-17-06929/5.12.2017/694/20.11.2017/14.12.2017 | 2895.00 | 954.035 SIR | B-684441 | 1 | 2895.00 | English Books | |||
| Non-fiction | Narela | Narela | 03/05/2018 | SIVB-30-17-06929/5.12.2017/694/20.11.2017/14.12.2017 | 2895.00 | 954.035 SIR | B-684443 | 1 | 2895.00 | English Books | |||
| Non-fiction | Ashok Vihar | Patel Nagar | 03/05/2018 | SIVB-30-17-06929/5.12.2017/694/20.11.2017/14.12.2017 | 2895.00 | 954.035 SIR | B-684439 | 1 | 2895.00 | English Books | |||
| Non-fiction | Patel Nagar | Patel Nagar | 03/05/2018 | SIVB-30-17-06929/5.12.2017/694/20.11.2017/14.12.2017 | 2895.00 | 954.035 SIR | B-684440 | 1 | 2895.00 | English Books | |||
| Not For Loan | Non-fiction | D.B.Act.Division | Patel Nagar | 01/04/2019 | DBAD/PUB | 2895.00 | 954.035 SIR | EN-108506 | 1 | 2895.00 | English Books | ||
| Non-fiction | Sarojini Nagar | Sarojini Nagar | 03/05/2018 | SIVB-30-17-06929/5.12.2017/694/20.11.2017/14.12.2017 | 2895.00 | 954.035 SIR | B-684442 | 1 | 2895.00 | English Books |
